Éva Allemand Vocab Handy - Statistiques

Statistiques générales
  • Ce quiz a été pris 14 fois
  • Le résultat moyen est 3 sur 33
Statistiques - réponses
Hint Réponse % Correct
der Betrüger le fraudeur
71%
der Identitätsdiebstahl l'usurpation d'identité
57%
sterben mourir
43%
bauen construire
14%
die Unfall l’accident
14%
die Sicherheit la sécurité
14%
der Überweg le passage
14%
die E-Mail-Betrügerei les courriels frauduleux
14%
der Verkher le trafic
14%
ein Schild un panneau
14%
süchtig addicte
0%
aufmerksam sein attentif
0%
jan vor einer Gefahr warnen avertir quelqu’un d'un danger
0%
aus der Fassung bringen déconcerter
0%
hoffnungslos désespéré
0%
überrollen / überfahren écraser, renverser
0%
einem Risiko ausgesetzt werden être exposé à un risque
0%
hilflos sein être impuissant, sans recours
0%
leichtsinnig sein être inconscient
0%
stören gêner, déranger
0%
unaufmerksam sein inattentif
0%
verbieten interdire
0%
sein Leben riskieren / sie Leben aufs Spiel setzen jouer avec sa vie
0%
Steuergeldern l’argent public
0%
die Aufmerksamkeit l’attention
0%
die Gefahr (en) / die (Lebens) gefahr le danger (de mort)
0%
der Leichtsinn = der Mangel an Vorsicht le manque de prudence
0%
das Steuer le volant
0%
die Hilflosigkeit l'impuissance
0%
sich über etwas ärgen s'énerver à propos de quelque chose
0%
sich missverstanden fühlen se sentir incompris
0%
sich von der Außenwelt abkapseln, anstatt sie wahrzunehmen s'isoler du monde extérieur au lieu de le prendre en considération
0%
die Fußgänger un piéton
0%
Aucun quiz correspondant
Distribution des résultats
% des personnes avec chaque résultat
Percentile par nombre de réponses
Votre historique - résultats
Vous n’avez pas pris ce quiz